Fenomén detskej práce vo svetovom hospodárstve bakalárska práca

Gespeichert in:
Bibliographische Detailangaben
1. Verfasser: Olešová, Judita
Körperschaft: Fakulta medzinárodných vzťahov EU. Katedra medzinárodných ekonomických vzťahov a hospodárskej diplomacie
Weitere Verfasser: Dudáš, Tomáš, 1976-
Format: Buch
Sprache:Slowakisch
Veröffentlicht: Bratislava 2017
Tags: Tag hinzufügen
Keine Tags, Fügen Sie das erste Tag hinzu!

MARC

LEADER 00000nbm a2200000 4500
001 0232064
005 20180221152146.3
041 0 |a slo 
044 |a SK 
245 1 0 |a Fenomén detskej práce vo svetovom hospodárstve  |b bakalárska práca  |c Judita Olešová ; školiteľ: Tomáš Dudáš 
264 1 |a Bratislava  |c 2017 
300 |a 39 s. 
100 1 |a Olešová, Judita 
700 1 |a Dudáš, Tomáš, 1976- 
710 2 |a Fakulta medzinárodných vzťahov EU. Katedra medzinárodných ekonomických vzťahov a hospodárskej diplomacie